000
00309nam a22001217a 4500
008
230623b xxu||||| |||| 00| 0 eng d
082
_a
330.96005
_b
AFR 1981
110
_b
Middle East Review
245
_a
African Guide 1982
260
_a
England
_b
World of Information
_c
1981
300
_a
407p
942
_2
ddc
_c
BK
999
_c
2541
_d
2541